| 000 | 00526nam a22001577a 4500 | ||
|---|---|---|---|
| 003 | MACL | ||
| 005 | 20160527154631.0 | ||
| 008 | 160527b xxu||||| |||| 00| 0 eng d | ||
| 040 | _cHindi | ||
| 082 | _a891.433 | ||
| 100 |
_aडॉ पाण्डेय, घनश्याम _960283 |
||
| 245 |
_aवर मिहिर _cडॉ घनश्याम पाण्डेय |
||
| 260 |
_aदिल्ली _bभारतीय ज्ञानपीठ _c2010 |
||
| 650 |
_aNovel _960284 |
||
| 942 |
_2ddc _cHIN |
||
| 999 |
_c54129 _d54129 |
||